Psicología del desarrollo (Registro nro. 54748)

Detalles MARC
000 -ENCABEZADO
Número de control [NR] 01197nam a2200313Ia 4500
005 - FECHA Y HORA DE LA ÚLTIMA TRANSACCIÓN
control field 20220819111012.0
008 - DE LONGITUD FIJA DE DATOS DE ELEMENTOS - INFORMACIÓN GENERAL
Elementos de longitud fija [NR] 130821s2007 ag a gr spa
020 ## - NUMERO INTERNACIONAL NORMALIZADO PARA LIBROS [R]
Número Internacional Normalizado del libro [NR] 8498350522 (7a.Ed.)
020 ## - NUMERO INTERNACIONAL NORMALIZADO PARA LIBROS [R]
Número Internacional Normalizado del libro [NR] 9500601737 (6a.Ed.)
040 ## - FUENTE DE CATALOGACION [NR]
Agencia de catalogación original [NR] CO-BoUCM
Idioma de catalogación [NR] spa
Quien Cataloga Jose A. Gerena (modificó)
Quien Clasifica [Nuevo]
041 00 - CODIGO DE IDIOMA [R]
Código de idioma para texto/pista de sonido o título separado [R] Español
060 00 - SIGNATURA TOPOGRAFICA DE LA BIBLIOTECA NACIONAL DE MEDICINA (NLM) [R]
Número clasificador [R] WS 462
100 1# - ASIENTO PRINCIPAL--NOMBRE PERSONAL [NR]
Nombre personal [NR] Berger, Kathleen Stassen
ID Autoridad 65615
245 10 - MENCION DE TITULO [NR]
Título [NR] Psicología del desarrollo
Parte restante del título [NR] infancia y adolescencia
Mención de responsabilidad, etc. [NR] Kathleen Stassen Berger ; traducción Diana S. Klajn y Adriana Latrónico
250 ## - MENCION DE EDICION [NR]
Mención de edición [NR] 7a ed
260 ## - PUBLICACION, DISTRIBUCION, ETC. (PIE DE IMPRENTA) [R]
Lugar de publicación, distribución, etc. [R] Buenos Aires (Argentina)
Nombre del editor, distribuidor, etc. [R] Editorial Médica Panamericana
Fecha de publicación, distribución, etc. [R] 2007
300 ## - DESCRIPCION FISICA [R]
Extensión [R] xxv, 528 páginas
Otros detalles físicos [NR] ilustraciones, gráficas
500 ## - NOTA GENERAL [R]
Nota general [NR] Contiene apéndices.
650 07 - ASIENTO SECUNDARIO DE MATERIA - TERMINO TEMATICO [R]
Término temático o nombre geográfico como elemento de entrada [NR] Psicología del adolescente
9 (RLIN) 22816
650 07 - ASIENTO SECUNDARIO DE MATERIA - TERMINO TEMATICO [R]
Término temático o nombre geográfico como elemento de entrada [NR] Psicología infantil
9 (RLIN) 22846
650 07 - ASIENTO SECUNDARIO DE MATERIA - TERMINO TEMATICO [R]
Término temático o nombre geográfico como elemento de entrada [NR] Psicología
9 (RLIN) 8001
690 ## - ASUNTO AGREGADO LOCAL DE ENTRADA - TÉRMINO TEMÁTICO (OCLC, RLIN)
Acceso temático local Pediatría
9 (RLIN) 21221
690 ## - ASUNTO AGREGADO LOCAL DE ENTRADA - TÉRMINO TEMÁTICO (OCLC, RLIN)
Acceso temático local Psicología
9 (RLIN) 8001
700 1# - ASIENTO SECUNDARIO - NOMBRE PERSONAL [R]
Nombre personal [NR] Klajn, Diana S.
Término de relación [R] traductor
9 (RLIN) 67238
700 1# - ASIENTO SECUNDARIO - NOMBRE PERSONAL [R]
Nombre personal [NR] Latrónico, Adriana
Término de relación [R] traductor
9 (RLIN) 154543
710 2# - ASIENTO SECUNDARIO - NOMBRE CORPORATIVO [R]
Nombre corporativo o de jurisdicción como elemento de entrada [NR] Editorial Médica Panamericana
9 (RLIN) 31707
765 1# - ASIENTO DE IDIOMA ORIGINAL [R]
Título [NR] The developing person through childhood and adolescence
942 ## - ELEMENTOS DE ENTRADA AGREGADOS (KOHA)
Tipo de ítem principal el descrito en 300a Libro
Tema principal Psicología
Edición 7
Parte restante de la signatura top. B496p
Sistema de clasificación NLM
Clasificación WS 462
Título oculto en OPAC No
Existencias
Fecha de último préstamo Total préstamos Total Renewals Signatura topográfica Código de barras Última vez visto Volúmen / Fascículo Ejemplar Price effective from Tipo de ítem Perdido Sistema de clasificación Dañado No prestable Tipo de ítem específico Suprimido Ubicación habitual Ubicación actual Localización Fecha de creación Forma de adquisición Costo
15/08/2024 94 1 WS 462 B496p 200012532 12/12/2025 6a.Ed. Ej.1 03/02/2013 Libro   NLM     Libro   Quinta de Mutis Quinta de Mutis 2do piso 28/02/2013 Donación 26000.00
14/08/2024 49 2 WS 462 B496p 200015765 12/12/2025 7a.Ed. Ej.1 03/02/2013 Libro   NLM     Libro   Quinta de Mutis Quinta de Mutis 2do piso 30/09/2008 Compra 230000.00
06/02/2026 40 12 WS 462 B496p 200024231 09/03/2026 7a.Ed. Ej.3 03/02/2013 Libro   NLM     Libro   Quinta de Mutis Quinta de Mutis 2do piso 28/02/2013 Compra 191250.00
14/08/2024 33 18 WS 462 B496p 200024232 12/02/2026 7a.Ed. Ej.2 03/02/2013 Libro   NLM     Libro   Quinta de Mutis Quinta de Mutis 2do piso 28/02/2013 Compra 91250.00